[Event "Titled Tue 27th May Early"]
[Site "chess.com INT"]
[Date "2025.05.27"]
[Round "9"]
[White "Dragnev, Valentin"]
[Black "Terry, Renato"]
[Result "1-0"]
[WhiteTitle "GM"]
[BlackTitle "IM"]
[WhiteElo "2540"]
[BlackElo "2508"]
[WhiteFideId "1634852"]
[BlackFideId "3803457"]
[EventDate "2025.05.27"]

1. d4 e6 2. c4 Bb4+ 3. Bd2 Qe7 4. Nf3 Nf6 5. g3 Bxd2+ 6. Qxd2 d6 7. Nc3 O-O 8.
Bg2 e5 9. O-O Re8 10. e3 c6 11. Qc2 e4 12. Nd2 d5 13. Rae1 Be6 14. f3 exf3 15.
Nxf3 Nbd7 16. cxd5 cxd5 17. Ng5 Rac8 18. Qb3 Nb6 19. Nxe6 Qxe6 20. e4 dxe4 21.
Nxe4 Nxe4 22. Bxe4 Qxb3 23. axb3 Rb8 24. Bxb7 Rxe1 25. Rxe1 Kf8 26. Bc6 Rd8 27.
d5 g6 28. Kf2 Nc8 29. Ra1 Ne7 30. Rxa7 Nxd5 31. Ra8 Rxa8 32. Bxa8 Nc7 33. Bf3
Ke7 34. Ke3 Kd6 35. Kd4 Ne6+ 36. Kc4 f5 37. b4 g5 38. b5 g4 39. Bd5 Nc7 40. Bb7
Ne6 41. Bc8 Ng7 42. b4 h5 43. Kd4 Kc7 44. Ba6 Kd6 45. Bb7 Ne6+ 46. Kc4 f4 47.
gxf4 Nxf4 48. Bh1 Nh3 49. b6 Nf2 50. Bg2 h4 51. Kb5 h3 52. Ba8 Nd3 53. Ka5 Ne5
54. Be4 Nc6+ 55. Bxc6 Kxc6 56. Ka6 g3 57. b7 g2 58. b8=Q g1=Q 59. Qb7+ Kd6 60.
Qb6+ Qxb6+ 61. Kxb6 Ke5 62. b5 Ke4 63. Kc6 Kf3 64. b6 Kg2 65. b7 Kxh2 66. b8=Q+
Kh1 67. Qb1+ Kg2 68. Qc2+ Kh1 69. Qd1+ Kh2 70. Qe2+ Kh1 71. Qf3+ Kh2 72. Qf2+
Kh1 73. Kd5 1-0

[Event "Titled Tue 27th May Early"]
[Site "chess.com INT"]
[Date "2025.05.27"]
[Round "9"]
[White "Boramanikar, Tanisha S"]
[Black "Levitan, Judah Nathan"]
[Result "0-1"]
[WhiteTitle "WCM"]
[BlackTitle "CM"]
[WhiteElo "1743"]
[BlackElo "2127"]
[WhiteFideId "35023454"]
[BlackFideId "14332639"]
[EventDate "2025.05.27"]

1. e4 c5 2. Nf3 e6 3. d3 d5 4. Nbd2 Nc6 5. g3 g6 6. Bg2 Bg7 7. O-O Nge7 8. c3
O-O 9. Re1 a6 10. e5 d4 11. Nc4 Nf5 12. g4 Nfe7 13. Nd6 Nxe5 14. Nxb7 Bxb7 15.
Nxe5 Bxg2 16. Kxg2 Rb8 17. Bf4 Rxb2 18. Nc4 Qd5+ 19. Kg1 Rb7 20. Nd6 Rd7 21. c4
Qc6 22. Ne4 e5 23. Bg3 Nc8 24. Rb1 Nd6 25. f4 exf4 26. Bxf4 Nxe4 27. Rxe4 Rb7
28. Rxb7 Qxb7 29. Qd2 Bf6 30. Bd6 Rc8 31. Qf2 Bg5 32. Kg2 Be3 33. Qf6 Qb2+ 34.
Kh3 Qf2 35. Qxf2 Bxf2 36. Re7 Be1 37. Rxe1 Rc6 38. Re7 Rxd6 39. Re8+ Kg7 40. Rc8
Re6 41. Rxc5 Re3+ 42. Kg2 Rxd3 43. Rd5 Rd2+ 44. Kf3 Rxa2 45. Rxd4 Rxh2 46. c5
Rc2 47. Rd5 a5 48. Ke3 a4 49. Kd3 Rc1 50. Kd2 Rc4 51. Kd3 Rb4 52. c6 Rb8 53. Rc5
a3 54. c7 Rc8 55. Kc3 Kf6 56. Kb3 Ke7 57. Kxa3 Kd6 58. Rc1 Rxc7 59. Rd1+ Ke5 60.
Rg1 Kf4 61. Kb4 Kg5 62. Rg2 h6 63. Rg1 f6 64. Rg2 Re7 65. Kc4 Re4+ 66. Kd3 Rxg4
67. Rc2 h5 68. Rc5+ f5 69. Rc6 h4 70. Ke2 h3 0-1

[Event "Titled Tue 27th May Early"]
[Site "chess.com INT"]
[Date "2025.05.27"]
[Round "9"]
[White "Zdorov, Egor Vit"]
[Black "Harshit, Ranjan Sahu"]
[Result "1-0"]
[WhiteTitle "CM"]
[BlackTitle "CM"]
[WhiteElo "2100"]
[BlackElo "2214"]
[WhiteFideId "55688560"]
[BlackFideId "25638815"]
[EventDate "2025.05.27"]

1. d4 Nf6 2. c4 g6 3. Nc3 Bg7 4. e4 d6 5. Nf3 O-O 6. Be2 e5 7. O-O Nc6 8. d5 Ne7
9. Ne1 Ne8 10. Be3 f5 11. f3 f4 12. Bf2 g5 13. c5 h5 14. Rc1 Ng6 15. Nb5 a6 16.
Na3 dxc5 17. Bxc5 Rf7 18. Nc4 Bh6 19. d6 g4 20. dxc7 Qxc7 21. Nb6 Rb8 22. Bf2
Qe7 23. Nxc8 Qg5 24. fxg4 hxg4 25. Bxg4 f3 26. Be6 Qxc1 27. Bxf7+ Kxf7 28. Qd7+
Kf8 29. Nd6 Qc7 30. Qxc7 Nxc7 31. Nxf3 Kg8 32. Nf5 Bf8 33. Bg3 Re8 34. h4 Nb5
35. h5 Nf4 36. Bxf4 exf4 37. e5 Nc7 38. Rc1 Ne6 39. g4 fxg3 40. Nxg3 Rd8 41. Ne4
Rd3 42. Kf2 Kf7 43. Neg5+ Nxg5 44. Nxg5+ Ke7 45. Rc7+ Ke8 46. Ne6 Bh6 47. Rh7
Bc1 48. Ng7+ Kf7 49. e6+ Kf6 50. h6 Rd2+ 51. Kf3 Rh2 52. Rh8 Rxh6 53. Rxh6+ Bxh6
54. Nh5+ Kxe6 55. Ke4 Bc1 56. b3 Kd6 57. Kd4 b5 58. Ng3 Bb2+ 59. Kd3 Kc5 60. Kc2
Be5 61. Ne4+ Kb4 62. Nd2 Ka3 63. Kb1 a5 64. Nf3 Bf6 65. Ne1 Bd4 66. Nc2# 1-0

[Event "Titled Tue 27th May Early"]
[Site "chess.com INT"]
[Date "2025.05.27"]
[Round "9"]
[White "Barwinska, Ewa"]
[Black "Duarte Cramer, Lily Jeanette"]
[Result "1-0"]
[WhiteTitle "WFM"]
[BlackTitle "WCM"]
[WhiteElo "2014"]
[BlackElo "1828"]
[WhiteFideId "21833761"]
[BlackFideId "29620180"]
[EventDate "2025.05.27"]

1. d4 d5 2. c4 c6 3. Nc3 Nf6 4. Nf3 e6 5. cxd5 exd5 6. Bg5 Be7 7. e3 O-O 8. Bd3
Nbd7 9. Qc2 b5 10. O-O Bb7 11. Rac1 a6 12. a3 h6 13. Bf4 c5 14. dxc5 Nxc5 15. h3
Rc8 16. Qe2 Qb6 17. Bb1 Rfe8 18. Nd4 Ne6 19. Nxe6 fxe6 20. Be5 Ne4 21. Nxe4 dxe4
22. Qg4 Bf8 23. Bxe4 Bxe4 24. Qxe4 Rc4 25. Rxc4 bxc4 26. Qxc4 Bd6 27. Bd4 Qb7
28. Rd1 Bb8 29. Bc3 Kh8 30. Qg4 Re7 31. Qg6 Qc8 32. Qxh6+ Kg8 33. Qg5 Qe8 34.
Rd4 e5 35. Rh4 Re6 36. Qf5 Rf6 37. Qh7+ Kf7 38. Qh5+ Ke7 39. Bb4+ Bd6 40. Qxe8+
Kxe8 41. Rh8+ Kf7 42. Bxd6 Rxd6 43. Ra8 Rb6 44. b4 Ke6 45. f3 Kd5 46. Kf2 Kc4
47. f4 exf4 48. exf4 Kb3 49. g4 Kxa3 50. b5 Rxb5 51. Rxa6+ Kb4 52. Ra7 g6 53.
Ra6 Kc4 54. Rxg6 Kd4 55. Kg3 Ke4 56. Rf6 Rb3+ 57. Kh4 Rb5 58. Rf5 Rxf5 59. gxf5
Kxf5 60. Kg3 Kf6 61. Kg4 Kg6 62. h4 Kf6 63. h5 Kg7 64. Kg5 Kf7 65. Kf5 Kg7 66.
Ke6 Kf8 67. f5 Ke8 68. h6 Kf8 69. h7 Kg7 70. Ke7 Kh8 71. f6 Kxh7 72. f7 Kg6 73.
f8=Q Kg5 74. Qf6+ Kg4 75. Ke6 Kg3 76. Qf5 Kg2 77. Qd3 Kh1 78. Qe2 Kg1 79. Kf5
Kh1 80. Kg4 Kg1 81. Kg3 Kh1 82. Qf1# 1-0

[Event "Titled Tue 27th May Early"]
[Site "chess.com INT"]
[Date "2025.05.27"]
[Round "9"]
[White "Kovalenko, Igor"]
[Black "Bortnyk, Olexandr"]
[Result "1/2-1/2"]
[WhiteTitle "GM"]
[BlackTitle "GM"]
[WhiteElo "2676"]
[BlackElo "2601"]
[WhiteFideId "14117908"]
[BlackFideId "14120828"]
[EventDate "2025.05.27"]

1. c4 Nf6 2. Nf3 b6 3. g3 Bb7 4. Bg2 g6 5. Nc3 Bg7 6. O-O O-O 7. Qc2 e6 8. e4 c5
9. d4 cxd4 10. Nxd4 Ng4 11. Rd1 Nc6 12. Ndb5 Qe7 13. h3 Nge5 14. b3 Nb4 15. Qe2
a6 16. Nd6 Bc6 17. Ba3 a5 18. Rac1 g5 19. Bb2 Ng6 20. Qe3 Nxa2 21. Ra1 Nxc3 22.
Bxc3 Bxc3 23. Qxc3 f6 24. Rd2 Rab8 25. Rad1 Qg7 26. Kh2 h5 27. Bf3 h4 28. Bh5
hxg3+ 29. Qxg3 Nf4 30. Bg4 Qh6 31. Rg1 Kh7 32. f3 Rg8 33. Kh1 Rg7 34. Rh2 Ng6
35. Bf5 Rbg8 36. h4 g4 37. h5 exf5 38. hxg6+ Rxg6 39. Nxf5 gxf3 40. Rxh6+ Rxh6+
41. Nxh6 Rxg3 42. Rxg3 Bxe4 43. Kg1 Kxh6 44. Kf2 f5 45. Rg8 Bc2 46. Rb8 Kg5 47.
Rxb6 Kf4 48. Rb5 Ke4 49. c5 Kd5 50. Kxf3 Kc6 51. Rxa5 Bxb3 52. Kf4 Bc4 53. Ke5
Bb5 54. Kd4 Be2 55. Ra8 f4 56. Rc8+ Kb7 57. Rf8 f3 58. Kd5 Kc7 59. Rf7 Bb5 60.
Rf6 Bc6+ 61. Ke5 Kb7 62. Kd6 Ka6 63. Rf4 Kb5 64. Rg4 Ka5 65. Rf4 Kb5 66. Rg4 Ka6
67. Rb4 Ka5 68. Rb2 Ka4 69. Ke5 Ka3 70. Rb8 Ka4 71. Kd4 Ka5 72. Rf8 Kb4 73. Rb8+
Bb5 74. Rf8 Bc6 75. Rb8+ Ka5 76. Rf8 Ka6 77. Kc4 Ka5 78. Kd4 1/2-1/2

[Event "Titled Tue 27th May Early"]
[Site "chess.com INT"]
[Date "2025.05.27"]
[Round "9"]
[White "Ermolaev, Evgeny"]
[Black "Horobetz, Graham"]
[Result "1-0"]
[WhiteTitle "FM"]
[WhiteElo "2282"]
[BlackElo "2250"]
[WhiteFideId "24103195"]
[BlackFideId "2047322"]
[EventDate "2025.05.27"]

1. d4 Nf6 2. c4 g6 3. Nf3 Bg7 4. g3 O-O 5. Bg2 d6 6. Nc3 c5 7. O-O Nc6 8. d5 Na5
9. Nd2 e5 10. b3 Ng4 11. Bb2 f5 12. e3 b6 13. Qc2 Bd7 14. Rae1 Nh6 15. f4 Qe7
16. e4 Rae8 17. Nd1 exf4 18. Rxf4 Be5 19. Rff1 f4 20. Bxe5 dxe5 21. gxf4 exf4
22. e5 Bf5 23. Qc3 Qg5 24. Ne4 Bxe4 25. Rxe4 f3 26. Rxf3 Rxf3 27. Qxf3 Rxe5 28.
Qe3 Qxe3+ 29. Nxe3 Rxe4 30. Bxe4 Nb7 31. Kf2 Nd6 32. Kf3 Kg7 33. Nf1 Kf6 34. Ke3
Nhf7 35. Ng3 Ke5 36. Bg2 h5 37. Ne2 g5 38. Nc1 Kf6 39. Nd3 Ne5 40. Nf2 g4 41.
Ne4+ Nxe4 42. Bxe4 Nf7 43. Kf4 Nd6 44. Bd3 a6 45. a3 a5 46. a4 Nf7 47. Bc2 Ne5
48. Be4 Nf7 49. Bg2 Nd6 50. Bf1 Ne8 51. Bd3 Nd6 52. Bc2 Nf7 53. Bd3 Ng5 54. Be4
Nh3+ 55. Kg3 Ke5 56. Bc2 Ng5 57. Bg6 Nf3 58. Bxh5 Nd4 59. Bxg4 Nxb3 60. h4 Nd2
61. h5 Nxc4 62. h6 Kf6 63. Kf4 Nd6 64. h7 Kg7 65. Ke5 Nf7+ 66. Ke6 c4 67. Bh5
Ng5+ 68. Ke7 c3 69. Bd1 Ne4 70. Bc2 Nc5 71. d6 b5 72. axb5 a4 73. d7 Nb7 74.
d8=Q Nxd8 75. Kxd8 a3 76. b6 a2 77. b7 a1=Q 78. b8=Q Qb2 79. Qe5+ Kf7 80. h8=Q
Qb6+ 81. Qc7+ Qxc7+ 82. Kxc7 Ke6 83. Qxc3 1-0

[Event "Titled Tue 27th May Early"]
[Site "chess.com INT"]
[Date "2025.05.27"]
[Round "9"]
[White "Velikanov, Alexander"]
[Black "Sheehan, Ethan"]
[Result "1/2-1/2"]
[WhiteTitle "IM"]
[WhiteElo "2372"]
[BlackElo "2380"]
[WhiteFideId "2039290"]
[BlackFideId "30943965"]
[EventDate "2025.05.27"]

1. c4 e5 2. a3 Nf6 3. d3 d5 4. cxd5 Nxd5 5. Nf3 Nc6 6. e4 Nde7 7. Be2 g6 8. b4
Bg7 9. O-O O-O 10. Bb2 a6 11. Nbd2 Be6 12. Ng5 Qd7 13. Ndf3 Bg4 14. h3 Bxf3 15.
Nxf3 Rad8 16. Rc1 Kh8 17. Rc5 Qd6 18. Qa1 b6 19. Rc4 Nd4 20. Bxd4 exd4 21. Rfc1
c6 22. e5 Bxe5 23. Nxe5 Qxe5 24. Bf3 b5 25. Rc5 Nd5 26. Bxd5 cxd5 27. Rc6 Rd6
28. Rxd6 Qxd6 29. Qxd4+ Kg8 30. Rc5 Rd8 31. h4 h5 32. g3 Qe6 33. Rc7 Re8 34. Kg2
Qf5 35. Ra7 Qe6 36. Rb7 Rc8 37. Rb6 Rc6 38. Rb8+ Rc8 39. Rxc8+ Qxc8 40. Qxd5 Qc3
41. d4 Qxa3 42. Qc5 Qd3 43. d5 Qe4+ 44. Kh2 Qd3 45. d6 Kg7 46. Qe5+ Kh7 47. Qf6
Qd5 48. Qe7 Qf3 49. Kg1 Qd1+ 50. Kg2 Qd5+ 51. Kh2 Qf3 52. Qa7 Qf6 53. d7 Qe7 54.
Qd4 Qd8 55. Qd6 Kg8 56. Kg2 Kg7 57. f3 Kg8 58. Kh2 Kg7 59. Kh3 Kg8 60. g4 hxg4+
61. fxg4 Kg7 62. g5 Kg8 63. Kg3 Kh7 64. Kf4 Kg8 65. Ke5 Kh7 66. Kd4 Kg8 67. Qc6
Kh7 68. Qc8 Qb6+ 69. Kd3 Qd6+ 70. Kc2 Qh2+ 71. Kb3 Qh3+ 72. Kb2 Qh2+ 73. Qc2
Qe5+ 74. Qc3 Qh2+ 75. Ka3 Qd6 76. Qc8 Qd3+ 77. Kb2 Qd2+ 78. Kb1 Qd1+ 79. Kb2
Qd2+ 80. Kb1 Qd1+ 81. Ka2 Qd2+ 82. Ka1 Qd1+ 83. Ka2 Qd2+ 84. Kb3 Qd3+ 85. Ka2
Qd2+ 1/2-1/2

[Event "Titled Tue 27th May Early"]
[Site "chess.com INT"]
[Date "2025.05.27"]
[Round "9"]
[White "Pham, Le Thao Nguyen"]
[Black "Saiz Rodriguez, Daniel Evelio"]
[Result "1-0"]
[WhiteTitle "IM"]
[BlackTitle "FM"]
[WhiteElo "2388"]
[BlackElo "2187"]
[WhiteFideId "12401226"]
[BlackFideId "3523420"]
[EventDate "2025.05.27"]

1. d4 d5 2. Nf3 Nf6 3. Bf4 c5 4. e3 cxd4 5. exd4 Nc6 6. c3 a6 7. Nbd2 e6 8. Bd3
Bd6 9. Bg3 O-O 10. Qe2 b5 11. a3 Ne7 12. Ne5 Bb7 13. Bh4 Ng6 14. Bg5 Qc7 15. f4
a5 16. O-O b4 17. Bxf6 gxf6 18. Ng4 f5 19. Nf6+ Kg7 20. Nh5+ Kh8 21. cxb4 axb4
22. a4 Qb6 23. Nb3 Ba6 24. Bxa6 Qxa6 25. Qxa6 Rxa6 26. g3 Rfa8 27. a5 Bc7 28.
Rfc1 R6a7 29. a6 Ne7 30. Ra4 Bd6 31. Rca1 Nc6 32. Kf2 Ne7 33. Ke3 Kg8 34. Ra5
Kf8 35. h3 Nc8 36. Nf6 Nb6 37. Kd3 Nc4 38. R5a2 Ke7 39. Nxh7 Rh8 40. Ng5 f6 41.
Nf3 Rxh3 42. Rg1 Rh5 43. Nc5 Rh3 44. b3 Nb6 45. Nb7 Bb8 46. Ke3 e5 47. dxe5 fxe5
48. fxe5 Nd7 49. Kf4 Nxe5 50. Nxe5 Ke6 51. Re2 Kf6 52. g4 Rxa6 53. g5+ Kg7 54.
Nc5 Rh4+ 55. Kf3 Re4 56. Nxe4 fxe4+ 57. Kf4 Re6 58. Ke3 Bxe5 59. Rf1 Rc6 60. Rd2
Rc3+ 61. Ke2 d4 62. Ra2 Rxb3 63. Ra5 d3+ 64. Ke3 Bc3 65. Kxe4 d2 66. Ra7+ Kg6
67. Rd7 Rb2 68. Kd3 Be5 69. Ke4 Bc3 70. Rd6+ Kxg5 71. Rf5+ Kh4 72. Rf1 Kg5 73.
Rg1+ Kh5 74. Rd7 1-0

[Event "Titled Tue 27th May Early"]
[Site "chess.com INT"]
[Date "2025.05.27"]
[Round "9"]
[White "Tursunalieva, Nurelina"]
[Black "Li, Hui"]
[Result "1-0"]
[WhiteTitle "WCM"]
[BlackTitle "CM"]
[WhiteElo "1810"]
[BlackElo "2041"]
[WhiteFideId "13817329"]
[BlackFideId "15400310"]
[EventDate "2025.05.27"]

1. e4 e5 2. Nf3 Nf6 3. d3 Nc6 4. Nc3 Bb4 5. a3 Bxc3+ 6. bxc3 d5 7. exd5 Nxd5 8.
c4 Nf6 9. Be2 O-O 10. Bg5 h6 11. Bh4 e4 12. dxe4 Qxd1+ 13. Bxd1 Nxe4 14. O-O Bg4
15. Re1 Rfe8 16. h3 Nc3 17. hxg4 Rxe1+ 18. Nxe1 Nd4 19. f3 Re8 20. Bf2 Ne6 21.
Nd3 Rd8 22. Be1 Na4 23. Rb1 Nb6 24. Bf2 Nxc4 25. Rxb7 a5 26. Rb3 Nd4 27. Bxd4
Rxd4 28. Be2 Ne3 29. Rc3 g6 30. Kf2 Nd5 31. Rc5 Nf6 32. Rxc7 Ra4 33. Ne5 Rxa3
34. Nxf7 Nd5 35. Ra7 Nf4 36. Ne5 Nxe2 37. Kxe2 Ra2 38. Kd2 a4 39. Nc4 Ra1 40.
Kc3 h5 41. Kb4 hxg4 42. fxg4 Rg1 43. Rxa4 Rxg2 44. Ra8+ Kg7 45. Ne3 Rg3 46. Re8
Kf7 47. Re4 Kf6 48. Kc5 Rg1 49. Kd5 Rc1 50. c4 Ra1 51. c5 Ra8 52. c6 Rd8+ 53.
Kc5 Rc8 54. c7 Rxc7+ 55. Kd6 Rc1 56. Nd5+ Kg5 57. Ke5 Rc8 58. Ne3 Re8+ 59. Kd4
Rd8+ 60. Ke5 Re8+ 61. Kd5 Rd8+ 62. Kc4 Rc8+ 63. Kd3 Rd8+ 64. Ke2 Rf8 65. Re5+
Kh4 66. Re4 Kg3 67. Kd3 Rd8+ 68. Kc4 Kf3 69. Re7 Rd2 70. Nd5 1-0

[Event "Titled Tue 27th May Early"]
[Site "chess.com INT"]
[Date "2025.05.27"]
[Round "9"]
[White "Bluebaum, Matthias"]
[Black "Gabrielian, Artur"]
[Result "1-0"]
[WhiteTitle "GM"]
[BlackTitle "GM"]
[WhiteElo "2660"]
[BlackElo "2419"]
[WhiteFideId "24651516"]
[BlackFideId "4131002"]
[EventDate "2025.05.27"]

1. d4 Nf6 2. c4 e6 3. Nc3 Bb4 4. e3 O-O 5. Bd2 Re8 6. Nf3 b6 7. Bd3 Bb7 8. O-O
Bxc3 9. Bxc3 Ne4 10. Bxe4 Bxe4 11. d5 Bxf3 12. Qxf3 e5 13. Qg3 d6 14. f4 Nd7 15.
fxe5 Nxe5 16. Rf5 f6 17. Raf1 Kh8 18. Bxe5 Rxe5 19. Rxe5 dxe5 20. e4 Qd6 21. Qe3
a5 22. Rc1 Rb8 23. h3 a4 24. Kh2 h6 25. Qc3 Rf8 26. c5 bxc5 27. Qxc5 f5 28. Qxc7
Qxc7 29. Rxc7 Rd8 30. Re7 fxe4 31. Rxe5 e3 32. Kg3 Rb8 33. d6 Rd8 34. Rd5 Rf8
35. Re5 Rd8 36. Re6 Kg8 37. b4 axb3 38. axb3 Kf7 39. Rxe3 Rxd6 40. b4 Rb6 41.
Rb3 Ke6 42. Kf4 Kd5 43. Rb1 Rf6+ 44. Ke3 Re6+ 45. Kd3 Rg6 46. b5 Rg3+ 47. Ke2
Rxg2+ 48. Kf3 Rc2 49. b6 Rc8 50. Kg4 g6 51. b7 Rb8 52. Rb6 Kc5 53. Rxg6 Rxb7 54.
Rxh6 Kd5 55. Kf5 Rf7+ 56. Rf6 Rh7 57. Kg4 Ke5 58. Rg6 Ra7 59. h4 Ra1 60. Kg5
Rg1+ 61. Kh6 Rh1 62. h5 Kf5 63. Ra6 Rh2 64. Rb6 Rh1 65. Rc6 Rh2 66. Rc1 Kf6 67.
Rf1+ Ke7 68. Rf5 Rh1 69. Kg6 Rg1+ 70. Kh7 Rh1 71. h6 Rh2 72. Rf4 Rh1 73. Rf2 Rh3
74. Rg2 Kf7 75. Rf2+ Ke7 76. Rf1 Rh2 77. Rf4 Rh3 78. Rf5 Rh2 79. Ra5 Kf7 80.
Ra7+ Kf8 81. Ra6 Kf7 82. Rb6 Kf8 83. Rf6+ Ke7 84. Kg7 Rg2+ 85. Rg6 1-0

[Event "Titled Tue 27th May Early"]
[Site "chess.com INT"]
[Date "2025.05.27"]
[Round "9"]
[White "Nouali, Mohamed"]
[Black "Arslanov, Shamil"]
[Result "1-0"]
[WhiteTitle "FM"]
[BlackTitle "IM"]
[WhiteElo "2157"]
[BlackElo "2410"]
[WhiteFideId "5502462"]
[BlackFideId "4192826"]
[EventDate "2025.05.27"]

1. e4 e5 2. Bc4 b5 3. Bxb5 f5 4. exf5 Nf6 5. d4 Bd6 6. dxe5 Bxe5 7. Qe2 O-O 8.
Nf3 Bd6 9. O-O Bb7 10. Nc3 Nc6 11. Bg5 Qb8 12. Bxf6 Rxf6 13. Ne4 Rxf5 14. Bc4+
Kh8 15. Nfg5 Ne5 16. f4 Nxc4 17. Qxc4 Bd5 18. Qd3 Qf8 19. Ng3 Rxg5 20. fxg5 Bc5+
21. Kh1 Qg8 22. Rf5 c6 23. Raf1 Be7 24. c4 Be6 25. R5f4 Bxg5 26. Rd4 Re8 27. b3
Bf6 28. Re4 Qf7 29. Rfe1 Qg6 30. Qe2 Rf8 31. Qd3 Qf7 32. Rf4 Qg6 33. Qxg6 hxg6
34. Ne4 Kg8 35. Ref1 Bf5 36. Nxf6+ gxf6 37. g4 Bd3 38. R1f2 Re8 39. Kg2 f5 40.
gxf5 Bxf5 41. Rd2 Re7 42. c5 Kg7 43. Rfd4 Kf6 44. h4 Rh7 45. Kf2 Ke5 46. b4 Be6
47. a3 Bd5 48. Kg3 Rf7 49. R4d3 Rf5 50. Re2+ Kf6 51. Rf2 Ke5 52. Rxf5+ Kxf5 53.
Re3 Be6 54. Re1 Bd5 55. Rf1+ Ke5 56. Rd1 Kf5 57. Rd2 Ke5 58. Kf2 Kf4 59. Rd4+
Kf5 60. Ke3 Be6 61. Rf4+ Ke5 62. Re4+ Kd5 63. Rd4+ Ke5 64. Rd2 Bf5 65. Rh2 Kf6
66. h5 gxh5 67. Rxh5 Ke5 68. Rh2 Be6 69. Kd3 Kd5 70. Kc3 Ke5 71. Rd2 Bd5 72. a4
a6 73. Rb2 d6 74. Re2+ Kf6 75. cxd6 Be6 76. Kd4 Kf7 77. Kc5 Bb3 78. Rf2+ Ke6 79.
Kxc6 Bxa4+ 80. Kc7 Kd5 81. Ra2 Bb5 82. Ra5 Ke6 83. Rxb5 axb5 84. d7 1-0

[Event "Titled Tue 27th May Early"]
[Site "chess.com INT"]
[Date "2025.05.27"]
[Round "9"]
[White "Veiga, Jose Francisco R P Neves"]
[Black "Salimova, Asal"]
[Result "1/2-1/2"]
[WhiteTitle "IM"]
[BlackTitle "WCM"]
[WhiteElo "2389"]
[BlackElo "2003"]
[WhiteFideId "1930087"]
[BlackFideId "14204940"]
[EventDate "2025.05.27"]

1. e4 c5 2. Bc4 e6 3. Nf3 d6 4. O-O Nc6 5. Re1 Nge7 6. c3 Ng6 7. d4 cxd4 8. cxd4
Be7 9. Nc3 O-O 10. b3 a6 11. Bb2 b5 12. Bf1 Bb7 13. Rc1 Rc8 14. g3 Kh8 15. h4
Re8 16. h5 Nf8 17. a4 b4 18. Ne2 d5 19. e5 a5 20. Nf4 Nb8 21. Bb5 Bc6 22. Bd3
Qb6 23. Re2 Bd7 24. Rec2 Rxc2 25. Rxc2 Rc8 26. Bc1 Rxc2 27. Qxc2 Qc6 28. Be3
Qxc2 29. Bxc2 Bc8 30. g4 Ba6 31. g5 Nc6 32. Kg2 Bd8 33. Kg3 Bb6 34. Kg4 Ne7 35.
h6 g6 36. Kg3 Nd7 37. Nh2 Nc6 38. Nf3 Kg8 39. Bd3 Bxd3 40. Nxd3 Kf8 41. Nfe1
Bxd4 42. Nc2 Bxe3 43. fxe3 Ncxe5 44. Nf4 Nc6 45. Kf2 Nc5 46. Nd4 Ne4+ 47. Ke2
Nxd4+ 48. exd4 Nxg5 49. Nd3 Ke7 50. Nc5 Ne4 51. Nb7 Nc3+ 52. Kd3 g5 53. Nxa5 g4
54. Nc6+ Kd6 55. Nxb4 g3 56. Ke3 Ne4 57. Kf3 Nd2+ 58. Kxg3 Nxb3 59. Nd3 Nxd4 60.
Kf4 Nc6 61. Kg5 Ke7 62. Kf4 f6 63. Nc5 e5+ 64. Kf5 Nd4+ 65. Kg4 Kf7 66. a5 Nb5
67. a6 Kg6 68. Nd7 f5+ 69. Kg3 e4 70. Kf4 d4 71. Ne5+ Kxh6 72. Kxf5 d3 73. Kxe4
d2 74. Ng4+ Kg7 75. Nf2 Kf6 76. Kd3 Ke5 77. Kc4 Na7 78. Kd3 Kf4 79. Kxd2 Kg3 80.
Ke2 Kg2 81. Ke3 h5 82. Ke2 h4 83. Ke3 h3 84. Nxh3 Kxh3 85. Kd4 Kg4 86. Kc5 Nc8
87. Kc6 Na7+ 88. Kc7 Nb5+ 89. Kb7 Kf5 90. Kb6 Nd6 91. Kc6 Nc8 92. Kc7 Na7 93.
Kb7 Nb5 94. Kb6 Nd6 95. Kc7 Nb5+ 96. Kb6 1/2-1/2

[Event "Titled Tue 27th May Early"]
[Site "chess.com INT"]
[Date "2025.05.27"]
[Round "9"]
[White "Bahmani, Koorosh"]
[Black "Sadubayev, Airat"]
[Result "0-1"]
[WhiteTitle "CM"]
[BlackTitle "FM"]
[WhiteElo "2208"]
[BlackElo "2211"]
[WhiteFideId "42576750"]
[BlackFideId "13713264"]
[EventDate "2025.05.27"]

1. Nf3 d5 2. g3 Nf6 3. c4 e6 4. Bg2 Be7 5. O-O O-O 6. d4 dxc4 7. Na3 Bxa3 8.
bxa3 Bd7 9. a4 Bc6 10. Ba3 Re8 11. Qc2 Bd5 12. Rfe1 Be4 13. Qxc4 Nbd7 14. a5 c6
15. Bb4 Rc8 16. Red1 b6 17. axb6 axb6 18. Ne5 Bxg2 19. Kxg2 Qc7 20. f4 c5 21.
Nxd7 Qxd7 22. dxc5 Qc6+ 23. Kh3 bxc5 24. Bc3 Nd5 25. Rd3 Ra8 26. Qe4 Ra4 27. Qf3
Qa6 28. e4 Nxc3 29. Rxc3 c4 30. Qe2 h6 31. Rac1 Rc8 32. R1c2 Qb5 33. Kg2 Qa6 34.
g4 Ra3 35. Rxc4 Rxc4 36. Qxc4 Qxc4 37. Rxc4 Rxa2+ 38. Kg3 Ra3+ 39. Kh4 Re3 40.
f5 e5 41. h3 Kh7 42. Rc7 f6 43. Rc4 Kg8 44. Rc8+ Kh7 45. Rc4 Rd3 46. Rc2 Rd4 47.
Re2 Rc4 48. Kg3 Rc3+ 49. Kg2 Kg8 50. h4 Rd3 51. h5 Kh7 52. Kf2 Rc3 53. Rd2 Rb3
54. Re2 Rb4 55. Kf3 Ra4 56. Rd2 Ra3+ 57. Kf2 Rh3 58. Kg2 Re3 59. Kf2 Rxe4 60.
Kf3 Rf4+ 61. Kg3 Rc4 62. Re2 Rc3+ 63. Kh4 Kg8 64. Rd2 Rc7 65. Kg3 Kf7 66. Rd3
Ke7 67. Ra3 Kd6 68. Kf3 Kd5 69. Ra5+ Kd4 70. Ra4+ Kc5 71. Ke4 Kd6 72. Ra6+ Rc6
73. Ra4 Rb6 74. Rc4 Ra6 75. Rb4 Ra7 76. Rb6+ Kc5 77. Re6 Ra4+ 78. Kf3 Ra3+ 79.
Kg2 Ra7 80. Kf3 Kd5 81. Re8 Ra3+ 82. Kg2 Ke4 83. Re7 Kf4 84. Rxg7 Ra2+ 85. Kf1
e4 86. g5 hxg5 87. h6 Rh2 88. h7 Kxf5 89. Kg1 Rh4 90. Kg2 Kf4 91. Rf7 f5 92. Re7
e3 93. Kg1 Kf3 94. Rg7 f4 95. Rxg5 Rxh7 96. Rg8 e2 97. Re8 Rc7 98. Kh2 Rc2 99.
Kh3 Rc1 100. Kh4 Rh1+ 101. Kg5 e1=Q 102. Rxe1 Rxe1 0-1

[Event "Titled Tue 27th May Early"]
[Site "chess.com INT"]
[Date "2025.05.27"]
[Round "10"]
[White "Vedant Rupeshbhai Varasada"]
[Black "Karvatskyi, Oleksii"]
[Result "1-0"]
[WhiteTitle "CM"]
[BlackTitle "CM"]
[WhiteElo "1971"]
[BlackElo "2248"]
[WhiteFideId "25156527"]
[BlackFideId "14191059"]
[EventDate "2025.05.27"]

1. e4 c5 2. Nf3 d6 3. d4 cxd4 4. Nxd4 Nf6 5. Nc3 g6 6. Be3 Bg7 7. f3 O-O 8. Qd2
a6 9. O-O-O b5 10. a3 Bb7 11. h4 h5 12. Be2 Nbd7 13. g4 hxg4 14. h5 gxh5 15. Bh6
Ne5 16. Bxg7 Kxg7 17. Nf5+ Kg8 18. Qh6 1-0

[Event "Titled Tue 27th May Early"]
[Site "chess.com INT"]
[Date "2025.05.27"]
[Round "10"]
[White "Gustafsson, Jan"]
[Black "Ebrahimi Herab, Hamidreza"]
[Result "0-1"]
[WhiteTitle "GM"]
[BlackTitle "FM"]
[WhiteElo "2591"]
[BlackElo "2404"]
[WhiteFideId "4625498"]
[BlackFideId "22512888"]
[EventDate "2025.05.27"]

1. d4 Nf6 2. c4 g6 3. g3 Bg7 4. Bg2 d5 5. cxd5 Nxd5 6. e4 Nb6 7. Ne2 c5 8. d5 e6
9. Nbc3 O-O 10. O-O Na6 11. Nf4 exd5 12. Nfxd5 Nxd5 13. Nxd5 Be6 14. Qc2 Bxd5
15. exd5 Rc8 16. Bf4 c4 17. Rad1 Nb4 18. Qa4 Nd3 19. Qxa7 Nxb2 20. Rd2 c3 21.
Rc2 Nd3 22. Qxb7 Nxf4 23. gxf4 Qd6 24. f5 Qf4 25. fxg6 fxg6 26. Re1 Bd4 27. Ree2
Rb8 28. Qe7 Rb1+ 29. Bf1 Qg4+ 30. Kh1 Rxf1# 0-1

[Event "Titled Tue 27th May Early"]
[Site "chess.com INT"]
[Date "2025.05.27"]
[Round "10"]
[White "Burmakin, Vladimir"]
[Black "Amangeldy, Ernur"]
[Result "1-0"]
[WhiteTitle "GM"]
[BlackTitle "FM"]
[WhiteElo "2435"]
[BlackElo "2231"]
[WhiteFideId "4105109"]
[BlackFideId "13720244"]
[EventDate "2025.05.27"]

1. d4 Nf6 2. Nf3 g6 3. Bf4 Bg7 4. e3 O-O 5. Be2 c5 6. c3 b6 7. O-O Bb7 8. h3 d6
9. a4 a6 10. Bh2 Nbd7 11. Qb3 Qc7 12. Rd1 Bd5 13. c4 Bb7 14. d5 Ne4 15. Qc2 Nef6
16. Nc3 Rfe8 17. e4 e6 18. dxe6 Rxe6 19. Ng5 Ree8 20. Bxd6 Qc6 21. Bh2 h6 22.
Rd6 Qc8 23. Nf3 Nxe4 24. Nxe4 Bxe4 25. Qd2 Nf6 26. Rxb6 Bb7 27. Qc2 Qd8 28. Rxb7 1-0